Armstrong's Handbook of Human Resources Management Practice: A Guide to the Theory and Practice of People Management. (Record no. 3760)

MARC details
005 - DATE AND TIME OF LATEST TRANSACTION
control field 20250611143821.0
020 ## - INTERNATIONAL STANDARD BOOK NUMBER
International Standard Book Number 978-1-3986-0663-0
082 ## - DEWEY DECIMAL CLASSIFICATION NUMBER
Classification number 658.3 ARM
100 ## - MAIN ENTRY--PERSONAL NAME
Author name ARMSTRONG, M.
245 ## - TITLE STATEMENT
Title Armstrong's Handbook of Human Resources Management Practice: A Guide to the Theory and Practice of People Management.
250 ## - EDITION STATEMENT
Edition statement 16th Ed
260 ## - PUBLICATION, DISTRIBUTION, ETC.
Place of publication, distribution, etc. London,
Name of publisher, distributor, etc. Kogan Page,
Date of publication, distribution, etc. 2023.
300 ## - PHYSICAL DESCRIPTION
Extent xxxii, 720p.: ill.; figure, picture, table
Other physical details References & Index
Dimensions 24cm
700 ## - ADDED ENTRY--PERSONAL NAME
Other authors/Editors TAYLOR, S.
856 ## - ELECTRONIC LOCATION AND ACCESS
Link text Access Online Book
Electronic name Management
Path www.koganpage.com
942 ## - ADDED ENTRY ELEMENTS (KOHA)
Source of classification or shelving scheme Dewey Decimal Classification
Koha item type Books
Holdings
Date last seen Total checkouts Full call number Barcode Cost, replacement price Price effective from Koha item type Lost status Source of classification or shelving scheme Damaged status Not for loan Withdrawn status Home library Current library Shelving location Date acquired Cost, normal purchase price
06/11/2025   658.3 ARM 00000012595 480297.00 06/11/2025 Books   Dewey Decimal Classification       College of Business Education Main Library College of Business Education Main Library General Collection 09/17/2024 160099.00
06/11/2025   658.3 ARM 00000012596 480297.00 06/11/2025 Books   Dewey Decimal Classification       College of Business Education Main Library College of Business Education Main Library General Collection 09/17/2024 160099.00
06/11/2025   658.3 ARM 00000012597 480297.00 06/11/2025 Books   Dewey Decimal Classification       College of Business Education Main Library College of Business Education Main Library General Collection 09/17/2024 160099.00